000 00517nam a2200181Ia 4500
005 20250508161106.0
008 008 250505s9999 xx 000 0 hin d
037 _aTextual
040 _aFEDL
_beng
_cFEDL
041 _ahin
_2hin
084 _a491.4307, RAJ
_qFEDL
100 _aRajgopalan N V
_9768821
245 0 _aJanjati bhashain aur hindi shikshan
260 _aAgra, India
_bKendriya Hindi Sansthan
_c1980
300 _a282p.
942 _cTEXL
_h491.4307, RAJ
999 _c1368392
_d1368392